Napoleonic Marshals - Statistics

General Stats
  • This quiz has been taken 1,364 times
  • The average score is 13 of 26
Answer Stats
Seniority Answer % Correct
12 Michel Ney
88%
2 Joachim Murat
82%
13 Louis Nicolas Davout
78%
7 Jean-Baptiste Jules Bernadotte
67%
10 Jean Lannes
67%
5 André Masséna
62%
9 Jean-de-Dieu Soult
62%
1 Louis-Alexandre Berthier
62%
20 Jacques MacDonald
58%
26 Emmanuel de Grouchy
50%
25 Józef Antoni Poniatowski
47%
22 Auguste de Marmont
45%
21 Nicolas Charles Oudinot
44%
23 Louis-Gabriel Suchet
43%
14 Jean-Baptiste Bessieres
42%
6 Pierre Augereau
42%
24 Laurent Gouvion Saint-Cyr
40%
4 Jean-Baptiste Jourdan
37%
15 Francois Cristophe de Kellermann
33%
11 Édouard Mortier
32%
8 Guillaume Marie-Anne Brune
32%
3 Bon-Adrien Jeannot de Moncey
31%
18 Jean-Mathieu-Philibert Sérurier
30%
16 Francois Joseph Lefebvre
29%
17 Dominique-Catherine de Pérignon
27%
19 Claude Victor-Perrin
25%
No matching quizzes found
Score Distribution
Percent of People with Each Score
Percentile by Number Answered
Your Score History
You have not taken this quiz